| 000 | 00512cam a22001935a 4500 | ||
|---|---|---|---|
| 001 | L155932 | ||
| 008 | 120423s2012 xxkqr p 0 a0eng u | ||
| 035 | _a(Sirsi) u155932 | ||
| 041 | 0 | _aeng | |
| 100 | 1 | _aTolson, Simon | |
| 245 | 0 | 0 | _aBimming hell! |
| 260 | _a2012 | ||
| 490 | 0 |
_aBuilding _v277 (8724) 20 April 2012, 45(1) |
|
| 520 | _aExamines the contractual implications of building information modelling (BIM). | ||
| 590 | _aKA | ||
| 651 | 4 |
_aUnited Kingdom _y |
|
| 690 |
_aBIM _96219 |
||
| 942 | _n0 | ||
| 999 |
_c113928 _d113928 |
||